[Event "European Hybrid Swiss TB"]
[Site "Tornelo INT"]
[Date "2021.05.30"]
[Round "3.6"]
[White "Sargsyan, Shant"]
[Black "Lupulescu, Constantin"]
[Result "1-0"]
[WhiteTitle "GM"]
[BlackTitle "GM"]
[WhiteElo "2618"]
[BlackElo "2656"]
[WhiteFideId "13306766"]
[BlackFideId "1207822"]
[EventDate "2021.05.30"]

1. d4 d5 2. c4 e6 3. Nf3 Nf6 4. Nc3 Nbd7 5. Bf4 dxc4 6. e3 Nd5 7. Bxc4 Nxf4 8.
exf4 Nb6 9. Bd3 g6 10. h4 Bg7 11. h5 Bd7 12. Be4 c6 13. Ne5 Qe7 14. h6 Bf6 15.
a4 Nd5 16. g3 O-O-O 17. a5 Kb8 18. a6 b6 19. O-O g5 20. Bxd5 cxd5 21. Qf3 Bxe5
22. fxe5 Rhf8 23. Qe3 f5 24. exf6 Qxf6 25. Rfc1 Rc8 26. Na2 Qf3 27. Rxc8+ Bxc8
28. Nb4 Qxe3 29. fxe3 Bd7 30. Nd3 Bb5 31. Ne5 Kc7 32. Rc1+ Kd6 33. g4 Bd7 34.
Kg2 Rf6 35. Kg3 Rf8 36. Rh1 Be8 37. Kg2 Bb5 38. Rh5 Rg8 39. Kg3 Ke7 40. Rh1 Rc8
41. Rh5 Rg8 42. Rh2 Rc8 43. Rf2 Be8 44. Nf3 Rc1 45. Nxg5 Bg6 46. Nf3 Be4 47. Ne5
Rg1+ 48. Kh4 Ke8 49. Rf6 1-0

[Event "European Hybrid Swiss TB"]
[Site "Tornelo INT"]
[Date "2021.05.30"]
[Round "3.7"]
[White "Brkic, Ante"]
[Black "Laznicka, Viktor"]
[Result "1/2-1/2"]
[WhiteTitle "GM"]
[BlackTitle "GM"]
[WhiteElo "2592"]
[BlackElo "2647"]
[WhiteFideId "14506688"]
[BlackFideId "316385"]
[EventDate "2021.05.30"]

1. e4 d5 2. exd5 Qxd5 3. Nc3 Qa5 4. d4 Nf6 5. Bd2 Bg4 6. f3 Bd7 7. Bc4 Qb6 8.
Nge2 e6 9. Be3 Be7 10. O-O O-O 11. Bb3 Nc6 12. Ne4 Na5 13. Kh1 Nxb3 14. axb3 Nd5
15. Bf2 a5 16. c4 Nf6 17. Bh4 Nd5 18. Bf2 Nf6 19. Bh4 Nd5 20. Bf2 Nf6 1/2-1/2

[Event "European Hybrid Swiss TB"]
[Site "Tornelo INT"]
[Date "2021.05.30"]
[Round "3.8"]
[White "Motylev, Alexander"]
[Black "Nguyen, Thai Dai Van"]
[Result "0-1"]
[WhiteTitle "GM"]
[BlackTitle "GM"]
[WhiteElo "2641"]
[BlackElo "2577"]
[WhiteFideId "4121830"]
[BlackFideId "358878"]
[EventDate "2021.05.30"]

1. e4 e5 2. Nf3 Nf6 3. Nxe5 d6 4. Nd3 Nxe4 5. Qe2 Qe7 6. Nf4 Nc6 7. c3 Nf6 8. h4
h5 9. d4 Bf5 10. f3 O-O-O 11. Qxe7 Nxe7 12. Na3 Ng6 13. Nxg6 Bxg6 14. Bg5 Be7
15. Nc4 Nd5 16. Kf2 Bxg5 17. hxg5 h4 18. Re1 Nf4 19. Ne3 Ne6 20. Nd5 Kd7 21. Rh2
c6 22. Nb4 Nxg5 23. Bd3 Bxd3 24. Nxd3 Ne6 25. Reh1 g5 26. f4 f6 27. Kf3 Rhg8 28.
g4 Rdf8 29. f5 Nc7 30. Re2 Re8 31. Nf2 Rxe2 32. Kxe2 Re8+ 33. Kf3 d5 34. a4 Kd6
35. b4 Re7 36. Rb1 Na8 37. a5 Nc7 38. c4 Kd7 39. b5 dxc4 40. Ne4 Nd5 41. Nc5+
Kd6 42. bxc6 Kxc6 43. a6 b6 44. Ne6 Kd6 45. Rc1 b5 46. Rc2 c3 0-1

[Event "European Hybrid Swiss TB"]
[Site "Tornelo INT"]
[Date "2021.05.30"]
[Round "3.9"]
[White "Oparin, Grigoriy"]
[Black "Predke, Alexandr"]
[Result "1/2-1/2"]
[WhiteTitle "GM"]
[BlackTitle "GM"]
[WhiteElo "2652"]
[BlackElo "2690"]
[WhiteFideId "24125890"]
[BlackFideId "24107581"]
[EventDate "2021.05.30"]

1. Nf3 Nf6 2. g3 c5 3. c4 Nc6 4. d4 cxd4 5. Nxd4 d6 6. Nxc6 bxc6 7. Bg2 Bd7 8.
Nc3 g6 9. O-O Bg7 10. Bg5 O-O 11. Qd2 Re8 12. b3 a5 13. Rac1 Qc7 14. Rfd1 Rab8
15. h3 Be6 16. c5 Rbd8 17. Bf4 Qb7 18. cxd6 exd6 19. Bg5 d5 20. Na4 Qc7 21. Qc3
Qe7 22. Qxc6 Bd7 23. Qb6 Bxa4 24. bxa4 h6 25. Bxf6 Qxf6 26. Qxf6 Bxf6 27. Kf1 d4
28. Rc5 Re5 29. Rb5 Rc8 30. Rdb1 Rc2 31. Rxe5 Bxe5 32. Bd5 d3 33. exd3 Bd4 34.
f4 Bb2 35. Re1 Rc1 36. Rxc1 Bxc1 37. Ke2 Kf8 38. d4 f6 39. h4 g5 40. fxg5 fxg5
41. h5 Ke7 42. Kd3 g4 43. Ke4 Ba3 44. Kf5 Bb2 45. Ke5 Ba3 46. Kf5 Bb2 47. Kg6
Bxd4 48. Kxh6 Kf6 49. Kh7 Kg5 50. h6 Bc5 51. Be6 Bf8 52. Bc8 Bxh6 53. Bxg4 Bf8
54. Bc8 Bd6 1/2-1/2

[Event "European Hybrid Swiss TB"]
[Site "Tornelo INT"]
[Date "2021.05.30"]
[Round "3.10"]
[White "Matlakov, Maxim"]
[Black "Krasenkow, Michal"]
[Result "1-0"]
[WhiteTitle "GM"]
[BlackTitle "GM"]
[WhiteElo "2688"]
[BlackElo "2597"]
[WhiteFideId "4168003"]
[BlackFideId "1113100"]
[EventDate "2021.05.30"]

1. e4 c5 2. Nf3 Nc6 3. Bb5 e6 4. O-O Nge7 5. Re1 Nd4 6. Nxd4 cxd4 7. c3 Nc6 8.
b4 Be7 9. Bf1 a6 10. a4 O-O 11. Na3 dxc3 12. dxc3 b6 13. Be3 d5 14. Qb3 dxe4 15.
Nc4 Rb8 16. b5 Na5 17. Nxa5 bxa5 18. c4 Bb4 19. c5 Bxe1 20. Rxe1 Bb7 21. Qc3 Bd5
22. c6 Qc7 23. g3 f6 24. Bf4 e5 25. Be3 axb5 26. axb5 a4 27. Rd1 Bb3 28. Rd7 Qc8
29. b6 Rf7 30. Bc4 Bxc4 31. Qxc4 Qe8 32. c7 Rc8 33. Rxf7 Qxf7 34. Qxf7+ Kxf7 35.
b7 1-0

[Event "European Hybrid Swiss TB"]
[Site "Tornelo INT"]
[Date "2021.05.30"]
[Round "3.11"]
[White "Sjugirov, Sanan"]
[Black "Indjic, Aleksandar"]
[Result "0-1"]
[WhiteTitle "GM"]
[BlackTitle "GM"]
[WhiteElo "2663"]
[BlackElo "2607"]
[WhiteFideId "4189302"]
[BlackFideId "911925"]
[EventDate "2021.05.30"]

1. e4 e5 2. Nf3 Nf6 3. Nxe5 d6 4. Nf3 Nxe4 5. d4 d5 6. Bd3 Bd6 7. O-O O-O 8. c4
c6 9. cxd5 cxd5 10. Nc3 Bf5 11. Re1 Nxc3 12. bxc3 Bxd3 13. Qxd3 h6 14. Rb1 b6
15. Qb5 Qd7 16. Ne5 Bxe5 17. Rxe5 Nc6 18. Rxd5 Qe6 19. Be3 a6 20. Qb3 Na5 21.
Rxa5 bxa5 22. d5 Qe4 23. d6 a4 24. Qb4 Qd3 25. c4 f5 26. g3 g5 27. Re1 f4 28.
Bb6 a5 29. Qc5 Rab8 30. Bc7 Rb1 31. Qe5 Rxe1+ 32. Qxe1 Qxc4 33. Bxa5 Qd5 34. Bc7
Rf7 35. a3 Kg7 36. Qa1+ Kg6 37. Qb1+ Kh5 38. Qf1 f3 39. h3 g4 40. Kh2 Qa2 41.
hxg4+ Kg5 42. Bd8+ Kg6 43. Be7 Qe2 44. Qb1+ Kg7 45. Kg1 Qd2 46. Qa1+ Kh7 47.
Qb1+ Kg7 48. Qf1 Kg8 49. Kh2 Qd4 50. Kh3 Rg7 51. Kh2 Rxg4 52. Kg1 Rxg3+ 53. Kh2
Rg2+ 54. Kh1 Qd5 0-1

[Event "European Hybrid Swiss TB"]
[Site "Tornelo INT"]
[Date "2021.05.30"]
[Round "3.12"]
[White "Can, Emre"]
[Black "Alekseev, Evgeny"]
[Result "0-1"]
[WhiteTitle "GM"]
[BlackTitle "GM"]
[WhiteElo "2569"]
[BlackElo "2617"]
[WhiteFideId "6302181"]
[BlackFideId "4138147"]
[EventDate "2021.05.30"]

1. d4 Nf6 2. c4 e6 3. Nf3 d5 4. g3 Bb4+ 5. Nbd2 O-O 6. Bg2 b6 7. O-O Bb7 8. Ne5
Re8 9. Qa4 Bf8 10. Nb1 Nfd7 11. Nc3 Nxe5 12. dxe5 c6 13. Rd1 Nd7 14. cxd5 cxd5
15. e4 Nc5 16. Qc2 d4 17. Be3 dxe3 18. Rxd8 exf2+ 19. Kxf2 Rexd8 20. Rd1 a6 21.
Na4 Nxa4 22. Qxa4 b5 23. Qb3 Bc5+ 24. Kf3 g6 25. a4 b4 26. a5 Kg7 27. Bf1 Rab8
28. Be2 Rbc8 29. Rxd8 Rxd8 30. Qc4 Rc8 31. Qd3 Rc7 32. Qd8 Re7 33. h4 h5 34. Bd1
b3 35. Bxb3 Bc6 36. Bc4 Rb7 37. b3 Rd7 38. Qc8 Rd2 39. g4 hxg4+ 40. Kg3 Bf2+ 41.
Kxg4 Bxe4 42. Qxa6 Be3 43. Be2 Rd4 44. Kg3 Bd5 45. Bf3 Bf4+ 46. Kf2 Rd2+ 47. Be2
Bxb3 48. Kf3 Bxe5 49. Qb5 Bd5+ 50. Ke3 Rb2 51. Qc5 Ra2 52. a6 Bf6 53. a7 Bxh4
54. Bb5 Bf2+ 0-1

[Event "European Hybrid Swiss TB"]
[Site "Tornelo INT"]
[Date "2021.05.30"]
[Round "3.13"]
[White "Svane, Rasmus"]
[Black "Gabuzyan, Hovhannes"]
[Result "1/2-1/2"]
[WhiteTitle "GM"]
[BlackTitle "GM"]
[WhiteElo "2615"]
[BlackElo "2590"]
[WhiteFideId "4657101"]
[BlackFideId "13303732"]
[EventDate "2021.05.30"]

1. Nf3 c5 2. c4 g6 3. d4 cxd4 4. Nxd4 Nc6 5. e4 Nf6 6. Nc3 d6 7. Be2 Nxd4 8.
Qxd4 Bg7 9. Be3 O-O 10. Qd2 a5 11. Rc1 a4 12. f3 Qa5 13. Kf2 Qe5 14. Bf4 Qc5+
15. Be3 Qe5 16. Bf4 Qc5+ 17. Be3 Qe5 1/2-1/2

[Event "European Hybrid Swiss TB"]
[Site "Tornelo INT"]
[Date "2021.05.30"]
[Round "3.14"]
[White "Afanasiev, Nikita"]
[Black "Zvjaginsev, Vadim"]
[Result "0-1"]
[WhiteTitle "GM"]
[BlackTitle "GM"]
[WhiteElo "2522"]
[BlackElo "2614"]
[WhiteFideId "24183555"]
[BlackFideId "4113403"]
[EventDate "2021.05.30"]

1. d4 d6 2. e4 Nf6 3. Nc3 g6 4. g3 Bg7 5. Bg2 O-O 6. Nge2 e5 7. O-O Nc6 8. dxe5
dxe5 9. Bg5 Qxd1 10. Rfxd1 h6 11. Be3 Bg4 12. h3 Bxe2 13. Nxe2 Rfd8 14. c3 b6
15. f4 a5 16. Kf2 Bf8 17. a4 Bc5 18. b3 h5 19. Bf3 Kg7 20. h4 Bxe3+ 21. Kxe3 Re8
22. f5 gxf5 23. exf5 e4 24. Bg2 Ne5 25. Bh3 Rad8 26. Rxd8 Rxd8 27. Nf4 c5 28. c4
Nc6 29. Rb1 Nb4 30. Rc1 Rd4 31. Ke2 Nd3 32. Rc3 Nxf4+ 33. gxf4 Kf8 34. Rg3 Ke7
35. Rg5 Rd3 36. Bg2 Rxb3 37. Kf2 Ng4+ 0-1

[Event "European Hybrid Swiss TB"]
[Site "Tornelo INT"]
[Date "2021.05.30"]
[Round "3.15"]
[White "Braun, Arik"]
[Black "Kozak, Adam"]
[Result "1-0"]
[WhiteTitle "GM"]
[BlackTitle "GM"]
[WhiteElo "2609"]
[BlackElo "2518"]
[WhiteFideId "4663527"]
[BlackFideId "753246"]
[EventDate "2021.05.30"]

1. d4 Nf6 2. c4 e6 3. Nc3 d5 4. cxd5 exd5 5. Bg5 c6 6. e3 Nbd7 7. Bd3 Be7 8. h3
g6 9. Bf4 O-O 10. Nf3 Nh5 11. Bh2 Ng7 12. Qc2 Nf6 13. g4 b6 14. Ne5 Bb7 15. h4
c5 16. h5 c4 17. Be2 g5 18. f4 Ne6 19. O-O-O b5 20. Nxb5 Qa5 21. Nc3 Rab8 22.
Bf3 Ba8 23. Rd2 gxf4 24. Bxf4 Nxf4 25. exf4 Rfc8 26. g5 Ne4 27. Bxe4 dxe4 28. g6
f6 29. gxh7+ Kxh7 30. Nxe4 f5 31. Nf6+ Kg7 32. Rg1+ Kh8 1-0

[Event "European Hybrid Swiss TB"]
[Site "Tornelo INT"]
[Date "2021.05.30"]
[Round "3.16"]
[White "Ivanisevic, Ivan"]
[Black "Savchenko, Boris"]
[Result "0-1"]
[WhiteTitle "GM"]
[BlackTitle "GM"]
[WhiteElo "2606"]
[BlackElo "2538"]
[WhiteFideId "912417"]
[BlackFideId "4147332"]
[EventDate "2021.05.30"]

1. d4 Nf6 2. c4 g6 3. Nc3 d5 4. Nf3 Bg7 5. Qb3 dxc4 6. Qxc4 O-O 7. e4 Nc6 8. Be3
Ng4 9. e5 Be6 10. Qa4 a6 11. d5 Nxe3 12. fxe3 Bxd5 13. O-O-O b5 14. Qf4 e6 15.
e4 b4 16. Nxd5 exd5 17. exd5 Ne7 18. Bc4 a5 19. h4 h5 20. g4 hxg4 21. h5 gxf3
22. h6 g5 23. Qe4 Ng6 24. d6 Bxe5 25. Qxg6+ Kh8 26. Bxf7 cxd6 27. Bd5 Rc8+ 28.
Kb1 Qf6 29. Qh5 Qf5+ 30. Ka1 Rc2 0-1

[Event "European Hybrid Swiss TB"]
[Site "Tornelo INT"]
[Date "2021.05.30"]
[Round "3.17"]
[White "Teclaf, Pawel"]
[Black "Paichadze, Luka"]
[Result "1-0"]
[WhiteTitle "IM"]
[BlackTitle "GM"]
[WhiteElo "2502"]
[BlackElo "2565"]
[WhiteFideId "1185934"]
[BlackFideId "13602934"]
[EventDate "2021.05.30"]

1. Nf3 Nf6 2. g3 b5 3. Bg2 Bb7 4. O-O e6 5. Na3 b4 6. Nc4 c5 7. a3 d5 8. Nce5
Be7 9. d4 bxa3 10. bxa3 O-O 11. Rb1 Qc8 12. c4 Na6 13. Qb3 Rb8 14. Bf4 cxd4 15.
Nxd4 Nc5 16. Nec6 Bxc6 17. Qxb8 Qd7 18. Qc7 Ba8 19. Rb8 Qxc7 20. Bxc7 Na6 21.
Rxf8+ Bxf8 22. Bd8 Ne4 23. cxd5 Bxd5 24. Rc1 h6 25. Nc6 Bxa3 26. Ra1 Bxc6 27.
Rxa3 Nac5 28. Be7 Bb5 29. f3 1-0

[Event "European Hybrid Swiss TB"]
[Site "Tornelo INT"]
[Date "2021.05.30"]
[Round "3.18"]
[White "Anton Guijarro, David"]
[Black "Martinovic, Sasa"]
[Result "1/2-1/2"]
[WhiteTitle "GM"]
[BlackTitle "GM"]
[WhiteElo "2673"]
[BlackElo "2548"]
[WhiteFideId "2285525"]
[BlackFideId "14509792"]
[EventDate "2021.05.30"]

1. Nf3 d5 2. c4 e6 3. e3 Nf6 4. Nc3 c6 5. b3 Bd6 6. Bb2 O-O 7. d4 Nbd7 8. Bd3
Re8 9. Qc2 Qe7 10. h3 e5 11. dxe5 Nxe5 12. Nxe5 Bxe5 13. cxd5 cxd5 14. Ne2 Qb4+
15. Bc3 Bxc3+ 16. Qxc3 Qxc3+ 17. Nxc3 Bd7 18. Ne2 Rac8 19. Nd4 Kf8 20. Ke2 h5
21. Rhc1 g6 22. h4 Ke7 23. f3 Kd6 24. Kd2 a6 25. a4 Nh7 26. Rf1 Re7 27. Rac1 Nf8
28. Rxc8 Bxc8 29. a5 Ne6 30. Nxe6 Bxe6 31. Kc3 Bf5 32. Bxf5 gxf5 33. Kd4 Rc7 34.
e4 Rc2 35. g3 Rd2+ 36. Ke3 1/2-1/2

[Event "European Hybrid Swiss TB"]
[Site "Tornelo INT"]
[Date "2021.05.30"]
[Round "4.1"]
[White "Artemiev, Vladislav"]
[Black "Martirosyan, Haik M."]
[Result "1-0"]
[WhiteTitle "GM"]
[BlackTitle "GM"]
[WhiteElo "2709"]
[BlackElo "2637"]
[WhiteFideId "24101605"]
[BlackFideId "13306553"]
[EventDate "2021.05.30"]

1. c4 e5 2. d3 Nf6 3. Nf3 Nc6 4. g3 d5 5. cxd5 Nxd5 6. Nc3 Nb6 7. Bg2 Be7 8. O-O
O-O 9. Be3 Re8 10. Rc1 Bf8 11. Ne4 Nd4 12. Ned2 Nf5 13. Bc5 f6 14. Bxf8 Rxf8 15.
Ne4 c6 16. Nc5 Kh8 17. e3 Qe7 18. Qb3 Nd6 19. Qa3 Nb5 20. Qb3 Nd7 21. Nxd7 Bxd7
22. a4 Be6 23. Qc2 Nc7 24. d4 exd4 25. Nxd4 Bd5 26. b4 Bxg2 27. Kxg2 a6 28. Rfd1
Rad8 29. Kg1 Rd5 30. e4 Re5 31. Nf5 Qxb4 32. Rb1 Qxe4 33. Qxe4 Rxe4 34. Rxb7 Ne6
35. Ra7 Re5 36. Ne3 Nc5 37. Rd6 Nxa4 38. Rdd7 Rg8 39. Ng4 Re1+ 40. Kg2 Nb6 41.
Nh6 1-0

[Event "European Hybrid Swiss TB"]
[Site "Tornelo INT"]
[Date "2021.05.30"]
[Round "4.2"]
[White "Nguyen, Thai Dai Van"]
[Black "Esipenko, Andrey"]
[Result "0-1"]
[WhiteTitle "GM"]
[BlackTitle "GM"]
[WhiteElo "2577"]
[BlackElo "2701"]
[WhiteFideId "358878"]
[BlackFideId "24175439"]
[EventDate "2021.05.30"]

1. d4 Nf6 2. c4 e6 3. Nf3 d5 4. Nc3 h6 5. Bf4 dxc4 6. e3 Bd6 7. Bxd6 cxd6 8.
Bxc4 O-O 9. O-O a6 10. Bd3 b5 11. a3 Bb7 12. e4 Nbd7 13. Qe2 Qb6 14. Rfd1 Rac8
15. Rac1 Rfd8 16. h3 Nf8 17. Bb1 b4 18. axb4 Qxb4 19. Bd3 Ng6 20. g3 Ne7 21. Ra1
d5 22. e5 Ne4 23. Nxe4 dxe4 24. Bxe4 Bxe4 25. Qxe4 Nd5 26. Rxa6 Qxb2 27. Rb1
Rc1+ 28. Rxc1 Qxc1+ 29. Kg2 Rb8 30. Qe1 Qc2 31. Qd2 Qe4 32. Qe1 Qd3 33. Ra1 Rb2
34. Qc1 Rc2 35. Qb1 Qe4 0-1

[Event "European Hybrid Swiss TB"]
[Site "Tornelo INT"]
[Date "2021.05.30"]
[Round "4.3"]
[White "Fedoseev, Vladimir3"]
[Black "Sargsyan, Shant"]
[Result "1/2-1/2"]
[WhiteTitle "GM"]
[BlackTitle "GM"]
[WhiteElo "2687"]
[BlackElo "2618"]
[WhiteFideId "24130737"]
[BlackFideId "13306766"]
[EventDate "2021.05.30"]

1. d4 Nf6 2. c4 e6 3. Nc3 Bb4 4. e3 O-O 5. Bd3 d5 6. a3 Bxc3+ 7. bxc3 c6 8. Ne2
b6 9. cxd5 cxd5 10. c4 Ba6 11. cxd5 Bxd3 12. Qxd3 Qxd5 13. O-O Nc6 14. Bd2 Rfd8
15. Rfc1 e5 16. Qc4 Rac8 17. Qa6 Qd7 18. Bc3 Ne4 19. Bb2 exd4 20. Bxd4 1/2-1/2

[Event "European Hybrid Swiss TB"]
[Site "Tornelo INT"]
[Date "2021.05.30"]
[Round "4.4"]
[White "Laznicka, Viktor"]
[Black "Matlakov, Maxim"]
[Result "1/2-1/2"]
[WhiteTitle "GM"]
[BlackTitle "GM"]
[WhiteElo "2647"]
[BlackElo "2688"]
[WhiteFideId "316385"]
[BlackFideId "4168003"]
[EventDate "2021.05.30"]

1. d4 Nf6 2. Bg5 d5 3. e3 c5 4. Nf3 Nc6 5. Be2 cxd4 6. exd4 Bf5 7. O-O e6 8. Nh4
Bg6 9. Nxg6 hxg6 10. c3 Qc7 11. g3 Ne4 12. Bf4 Bd6 13. Bxd6 Qxd6 14. Nd2 Nxd2
15. Qxd2 O-O-O 16. Kg2 Kb8 17. h4 Ne7 18. Rae1 Nf5 19. Rh1 Rh6 20. Bd3 Rdh8 21.
Qe2 a6 22. Qe5 Qxe5 23. dxe5 Rc8 24. Rc1 Rhh8 25. f4 Ka7 26. Kf3 b5 27. g4 Ne7
28. h5 Kb6 29. Rc2 a5 30. a3 b4 31. axb4 axb4 32. cxb4 Nc6 33. Rch2 Nxb4 34. Bb1
gxh5 35. gxh5 Rh6 36. Rh3 Rc4 37. Kg4 Nc6 38. Kg5 Nd8 39. Rb3+ Kc7 40. Rc3 Rxc3
41. bxc3 f6+ 42. exf6 Nf7+ 43. Kg4 Rxf6 44. Bg6 Nh8 45. Bh7 Nf7 46. Ra1 Nh6+ 47.
Kg3 Kb7 48. Bg6 Nf5+ 49. Kg4 Ne7 50. Bd3 Ng8 51. Re1 Nh6+ 52. Kg3 Kc6 53. Re5
Nf7 54. Re1 Kd6 55. Ra1 e5 56. Ra6+ Ke7 57. Ra7+ Kf8 58. fxe5 Nxe5 59. Be2 Rc6
60. Kf4 Nf7 61. Ra8+ Ke7 62. Ra7+ Kf8 63. Ra8+ Ke7 64. Ra7+ Kf6 65. Ra6 Rxa6 1/2-1/2

[Event "European Hybrid Swiss TB"]
[Site "Tornelo INT"]
[Date "2021.05.30"]
[Round "4.5"]
[White "Cheparinov, Ivan"]
[Black "Brkic, Ante"]
[Result "1/2-1/2"]
[WhiteTitle "GM"]
[BlackTitle "GM"]
[WhiteElo "2667"]
[BlackElo "2592"]
[WhiteFideId "2905540"]
[BlackFideId "14506688"]
[EventDate "2021.05.30"]

1. d4 Nf6 2. c4 e6 3. Nf3 d5 4. g3 Bb4+ 5. Bd2 Be7 6. Bg2 Nbd7 7. Qc2 c6 8. O-O
b6 9. b3 Bb7 10. Nc3 Rc8 11. Rfd1 c5 12. cxd5 Nxd5 13. Nxd5 Bxd5 14. Qb2 cxd4
15. Nxd4 Bxg2 16. Kxg2 Qc7 17. Rac1 Qb7+ 18. Kg1 O-O 19. Bc3 Nf6 20. Nf3 Rfd8
21. Rxd8+ Rxd8 22. Bd4 Rc8 23. Rxc8+ Qxc8 24. Qc3 Qxc3 25. Bxc3 1/2-1/2

[Event "European Hybrid Swiss TB"]
[Site "Tornelo INT"]
[Date "2021.05.30"]
[Round "4.6"]
[White "Indjic, Aleksandar"]
[Black "Yilmaz, Mustafa"]
[Result "1-0"]
[WhiteTitle "GM"]
[BlackTitle "GM"]
[WhiteElo "2607"]
[BlackElo "2630"]
[WhiteFideId "911925"]
[BlackFideId "6302718"]
[EventDate "2021.05.30"]

1. d4 Nf6 2. c4 e6 3. Nf3 d5 4. Nc3 Bb4 5. e3 O-O 6. Bd2 b6 7. a3 Bxc3 8. Bxc3
Ba6 9. b3 Nbd7 10. Bb2 c5 11. Be2 Rc8 12. cxd5 Bxe2 13. Qxe2 exd5 14. O-O c4 15.
a4 a6 16. bxc4 dxc4 17. Ba3 Re8 18. Rfb1 Ne4 19. Qc2 Qc7 20. Nd2 Nxd2 21. Qxd2
Nf6 22. h3 Qc6 23. Qc2 b5 24. Bc5 Ne4 25. Bb4 Qd5 26. f3 Ng3 27. Qf2 Qg5 28. e4
f5 29. e5 f4 30. Bc3 Qg6 31. Qd2 Qd3 32. Kf2 Ne2 33. Qxe2 Qxc3 34. Rd1 b4 35.
Rac1 Qb3 36. d5 c3 37. d6 c2 38. Rd2 Qe3+ 39. Qxe3 fxe3+ 40. Kxe3 Rxe5+ 41. Kf4
Rec5 42. d7 Rd8 43. Rdxc2 Rxc2 44. Rxc2 Rxd7 45. Ke5 Kf7 46. a5 b3 47. Rb2 Rb7
48. Kd4 Rb5 49. Kc4 Rxa5 50. Rxb3 Ra2 51. g3 Rg2 52. f4 Rh2 53. Kd5 Rxh3 54. Ke4
h5 55. Kf5 Ke7 56. Rb7+ Kf8 57. Rb3 Ke7 58. Kg6 a5 59. Kxg7 a4 60. Re3+ Kd6 61.
f5 h4 62. f6 1-0

[Event "European Hybrid Swiss TB"]
[Site "Tornelo INT"]
[Date "2021.05.30"]
[Round "4.7"]
[White "Jobava, Baadur"]
[Black "Ponkratov, Pavel"]
[Result "0-1"]
[WhiteTitle "GM"]
[BlackTitle "GM"]
[WhiteElo "2603"]
[BlackElo "2624"]
[WhiteFideId "13601520"]
[BlackFideId "4157800"]
[EventDate "2021.05.30"]

1. e4 e5 2. Nf3 Nc6 3. d4 exd4 4. Nxd4 Nf6 5. Nxc6 bxc6 6. Bd3 d5 7. exd5 cxd5
8. O-O Be7 9. Re1 O-O 10. h3 Rb8 11. b3 Rb6 12. Nd2 Bb7 13. Nf3 Ne4 14. Be3 Rg6
15. Bxa7 Bd6 16. c4 Qc8 17. Kf1 Qa8 18. cxd5 Bxd5 19. Qc2 Ng3+ 20. fxg3 Qxa7 21.
Bxg6 fxg6 22. Re4 Bxg3 23. Rae1 Bxe1 24. Rxe1 h6 25. Qf2 Qa6+ 26. Kg1 Bxf3 27.
gxf3 Rf5 28. Re4 Kh7 29. Kg2 c5 30. a4 h5 31. Qe3 Qf6 32. Qe2 Rg5+ 33. Kf2 Qd6
34. Ke3 Rg1 35. a5 Ra1 36. Qc2 Re1+ 0-1

[Event "European Hybrid Swiss TB"]
[Site "Tornelo INT"]
[Date "2021.05.30"]
[Round "4.8"]
[White "Tomashevsky, Evgeny"]
[Black "Deac, Bogdan-Daniel"]
[Result "1/2-1/2"]
[WhiteTitle "GM"]
[BlackTitle "GM"]
[WhiteElo "2706"]
[BlackElo "2627"]
[WhiteFideId "4147235"]
[BlackFideId "1226380"]
[EventDate "2021.05.30"]

1. d4 Nf6 2. Nf3 d5 3. Bf4 c5 4. e3 Nc6 5. Nbd2 Nh5 6. Be5 f6 7. Bg3 cxd4 8.
Nxd4 g6 9. Bb5 Bd7 10. c4 Nxd4 11. Bxd7+ Qxd7 12. exd4 dxc4 13. Nxc4 Rc8 14. Qe2
Nxg3 15. hxg3 Qd5 16. Rc1 Rc6 17. O-O Bh6 18. Ne3 Bxe3 19. Qxe3 Re6 20. Qh6 Kf7
21. Rc7 Re2 22. a4 Qxd4 23. Rxb7 Qxa4 24. b4 Qa6 25. Rd7 Qb5 26. Rxa7 Qxb4 27.
Rd7 Qc5 28. Rdd1 Qg5 29. Qxg5 fxg5 30. Rfe1 Rxe1+ 31. Rxe1 g4 32. f3 gxf3 33.
gxf3 h5 34. Kg2 Rd8 35. f4 Kf6 36. Re5 e6 37. Ra5 Rd5 38. Ra6 Kf5 39. Kh3 e5 40.
fxe5 Rxe5 41. Ra4 Kg5 42. Ra6 Rd5 43. Rb6 1/2-1/2

[Event "European Hybrid Swiss TB"]
[Site "Tornelo INT"]
[Date "2021.05.30"]
[Round "4.9"]
[White "Predke, Alexandr"]
[Black "Teclaf, Pawel"]
[Result "1-0"]
[WhiteTitle "GM"]
[BlackTitle "IM"]
[WhiteElo "2690"]
[BlackElo "2502"]
[WhiteFideId "24107581"]
[BlackFideId "1185934"]
[EventDate "2021.05.30"]

1. d4 e6 2. c4 b6 3. Nf3 Bb7 4. g3 Nf6 5. Bg2 g6 6. O-O Bg7 7. Nc3 Ne4 8. Qc2
Nxc3 9. Qxc3 c5 10. Bg5 Qc8 11. Qa3 O-O 12. dxc5 Qxc5 13. Qxc5 bxc5 14. Rad1 d5
15. Ne1 Na6 16. cxd5 Bxd5 17. Bxd5 exd5 18. Rxd5 Bxb2 19. Nd3 Ba3 20. Ne5 f6 21.
Nc4 fxg5 22. Nxa3 Rad8 23. Rfd1 Rxd5 24. Rxd5 Rf5 25. Rd8+ Rf8 26. Rd2 Re8 27.
Nc4 Re4 28. Rd8+ Kf7 29. Nd6+ Ke7 30. Re8+ Kxd6 31. Rxe4 Nb4 32. a3 Nc6 33. Kf1
Kd5 34. Re8 c4 35. e3 g4 36. Ke2 Ne5 37. Ra8 Nc6 38. Re8 h5 39. Kd2 Ne5 40. Kc3
Ke4 41. a4 g5 42. Rg8 Kf5 43. Kd4 Nf3+ 44. Kxc4 Nxh2 45. Kd5 Nf3 46. Rf8+ Kg6
47. e4 h4 48. e5 Kg7 49. Rb8 h3 50. Rb1 Kf7 51. Kd6 Nd4 52. Rb7+ Kg6 53. e6 h2
54. Rb1 Kf6 55. Rh1 Nxe6 56. Rxh2 Nd4 57. Rh7 a5 58. Ra7 Nb3 59. Kd5 Kf5 60.
Rf7+ Kg6 61. Rb7 Nc1 62. Kd4 Ne2+ 63. Kd3 Ng1 64. Rb5 Nh3 65. Ke3 Kf6 66. Rxa5
Ng1 67. Rd5 Nf3 68. a5 Ke6 69. Rd8 Ke7 70. Rd1 Ne5 71. a6 Nc6 72. Rc1 Kd6 73.
Rxc6+ Kxc6 74. Ke4 Kb6 75. Kf5 Ka7 76. Kxg4 Kxa6 77. Kxg5 Kb5 78. Kf6 Kc4 79. g4
Kd3 80. g5 Kc2 81. g6 Kd1 82. g7 Ke1 83. f4 Kf2 84. f5 Kf1 85. g8=Q Kf2 86. Ke5
Ke2 87. f6 Kf1 88. f7 Ke2 89. Ke4 Kd1 90. Kd3 Kc1 91. Qb8 Kd1 92. Qb1# 1-0

[Event "European Hybrid Swiss TB"]
[Site "Tornelo INT"]
[Date "2021.05.30"]
[Round "4.10"]
[White "Lupulescu, Constantin"]
[Black "Braun, Arik"]
[Result "1-0"]
[WhiteTitle "GM"]
[BlackTitle "GM"]
[WhiteElo "2656"]
[BlackElo "2609"]
[WhiteFideId "1207822"]
[BlackFideId "4663527"]
[EventDate "2021.05.30"]

1. Nf3 d5 2. e3 Nf6 3. c4 e6 4. b3 Bd6 5. Bb2 b6 6. Nc3 a6 7. cxd5 exd5 8. g3
O-O 9. Bg2 Bb7 10. O-O Nbd7 11. Rc1 Re8 12. Ne2 Rc8 13. Ned4 c5 14. Nf5 Bf8 15.
d4 g6 16. N5h4 c4 17. Ne5 b5 18. f4 Nxe5 19. fxe5 Ne4 20. Bxe4 dxe4 21. bxc4
Rxc4 22. Rxc4 bxc4 23. Bc3 Bd5 24. Ng2 Bh6 25. Qa4 Re6 26. h4 Rc6 27. Kh2 Qb8
28. Qa5 Qb5 29. Qd8+ Kg7 30. a4 Qb3 31. Qxd5 1-0